| 000 | 00594nam a2200241Ia 4500 | ||
|---|---|---|---|
| 003 | OSt | ||
| 005 | 20221005123624.0 | ||
| 006 | a|||||r|||| 00| 0 | ||
| 007 | ta | ||
| 008 | 221004b |||||||| |||| 00| 0 eng d | ||
| 024 | _a40390 | ||
| 037 | _cTextual | ||
| 040 |
_aCRL _cCRL _beng |
||
| 041 |
_2eng _aeng |
||
| 082 | _aO:6M00w, B2 | ||
| 100 |
_aMorison J Cotter _956524 |
||
| 245 | 0 | _aMaCaulay | |
| 260 | _c1882 | ||
| 490 | _aEnglish men of letters | ||
| 650 | _aENGLISH LITERATURE | ||
| 942 |
_hO:6M00w, B2 _cTEXL _2cc |
||
| 999 |
_c1047951 _d1047951 |
||